1512 1162 1828 1990 1509 1526 1873 1145 1753 1216 1159 1328 1167 1785 1985 1803 1755 1987 1862 1896 1719 1031 1835 1688 1684 1269 1763 1795 1122 1150 1493 1603 1919 1829 1564 1151 1146 1876 1359 1567 1466 1887 1432 1158 1261 1662 1262 1001 1854 1962 1555 1702 1294 1682 1139 1698 1084 1835 1265 1072 1302 1281 1999 1745 1112 1270 1819 1368 1548 1767 1298 1293 1048 1901 1120 1841 1706 1987 1404 1557 1437 1183 1798 1369 1602 1033 1601 1283 1453 1964 1156 1996 1927 1567 1713 1847 1951 1406 1581 BCNSPRNW ULIB Ver.6.0+V

เปลี่ยนเป็นภาษาไทย

Change to English
 แสดงรายละเอียดบรรณานุกรม
  กลับหน้าหลัก

Brief Record : Get Marc (ISO 2709) : E-mail record : QR code < ปิดหน้าต่าง
LEADER : 00000nam 2200000uu 4500
001    13399113547
003     ULIB
008    111125s2551||||th 000 0 tha d
020    ^a9789740463634
090    ^aนว.^bค310บ 2551
100 0  ^aคาซี (ปราณธร)
245 00 ^aบัลลังก์รักบนเนินทราย/^cคาซี (ปราณธร)
250    ^aพิมพ์ครั้งที่ 2
260    ^aกรุงเทพฯ :^bแจ่มใส,^c2551
300    ^a200 หน้า
710 1  ^aแจ่มใส
945    ^p149^l0^i16293
995    ^aกัณชพร
999    ^aใช้งานได้ทุกระบบ
รายการนี้ยังไม่มีแท็ก
คุณยังไม่ได้ล็อกอิน คุณสามารถมีกิจกรรมร่วมกับเว็บไซต์ได้ แต่ต้องล็อกอินก่อน ::
  ล็อกอิน

รายการสื่อสารสนเทศ

ลำดับที่ ประเภท เลขเรียก/บาร์โค้ด สถานที่ สถานะ
1. วิทยาศาสตร์การแพทย์ และสุขภาพ
วิทยาศาสตร์การแพทย์ และสุขภาพ
นว. ค310บ 2551  
  Barcode: 16293
ห้องสมุดวิทยาเขตสวรรค์ประชารักษ์
►นวนิยาย
บนชั้น
  ขอยืม

BibComment


ยังไม่เคยถูกคอมเมนท์

คอมเมนท์ทรัพยากรรายการนี้
  คอมเมนท์: บัลลังก์รักบนเนิ..


 Copyright 2026. Bcnsprnw @Library